| 000 | 00351 a2200145 4500 | ||
|---|---|---|---|
| 999 |
_c12116 _d12116 |
||
| 003 | OSt | ||
| 005 | 20240117180847.0 | ||
| 008 | 240117b ||||| |||| 00| 0 eng d | ||
| 020 | _a 9788490540169 | ||
| 082 | _a728.314 | ||
| 100 | _aDimitris Kottas | ||
| 245 | _aIluminacion En Arquitectura Y Paisajismo | ||
| 260 |
_bLinks Books _c1900 |
||
| 942 | _2ddc | ||